MARC details
| 000 -CABECERA |
| campo de control de longitud fija |
01309nam a2200325 a 4500 |
| 001 - NÚMERO DE CONTROL |
| campo de control |
000038076 |
| 003 - IDENTIFICADOR DEL NÚMERO DE CONTROL |
| campo de control |
DO-SdBNP |
| 005 - FECHA Y HORA DE LA ÚLTIMA TRANSACCIÓN |
| campo de control |
20250320095414.0 |
| 008 - DATOS DE LONGITUD FIJA--INFORMACIÓN GENERAL |
| campo de control de longitud fija |
090703s2000 dr 000 0 spa d |
| 020 ## - NÚMERO INTERNACIONAL ESTÁNDAR DEL LIBRO |
| Número Internacional Estándar del Libro |
99993433098 |
| 040 ## - FUENTE DE LA CATALOGACIÓN |
| Centro catalogador/agencia de origen |
DO-SdBNP |
| Lengua de catalogación |
spa |
| Centro/agencia transcriptor |
BNPHU |
| 082 ## - NÚMERO DE LA CLASIFICACIÓN DECIMAL DEWEY |
| Número de clasificación |
972.9368 |
| Número de documento/Ítem |
H557m |
| 100 1# - ENTRADA PRINCIPAL--NOMBRE DE PERSONA |
| Nombre de persona |
Hernández, Ricardo, |
| Fechas asociadas al nombre |
1964- |
| 9 (RLIN) |
1971 |
| 245 14 - MENCIÓN DE TÍTULO |
| Título |
Los movimientos sociales en el municipio de Cotuí : |
| Resto del título |
(1975-1993) / |
| Mención de responsabilidad, etc. |
Ricardo Hernández ; presentación Daniel Beltré. |
| 260 ## - PUBLICACIÓN, DISTRIBUCIÓN, ETC. |
| Lugar de publicación, distribución, etc. |
Santo Domingo : |
| Nombre del editor, distribuidor, etc. |
Comisión Presidencial de Apoyo Desarrollo Provincial, |
| Fecha de publicación, distribución, etc. |
2000. |
| 300 ## - DESCRIPCIÓN FÍSICA |
| Extensión |
235 p. ; |
| Dimensiones |
21 cm. |
| 490 1# - MENCIÓN DE SERIE |
| Mención de serie |
Provincias |
| Designación de volumen o secuencia |
17 |
| 500 ## - NOTA GENERAL |
| Nota general |
Segundo lugar en el concurso nacional sobre historia y desarrollo de las provincias (Cibao Oriental) |
| 504 ## - NOTA DE BIBLIOGRAFÍA, ETC. |
| Nota de bibliografía, etc. |
Bibliografía : p. 211-235 |
| 590 ## - NOTA LOCAL (RLIN) |
| Nota local |
Inventariado, 2018/ YL |
| 650 #0 - PUNTO DE ACCESO ADICIONAL DE MATERIA--TÉRMINO DE MATERIA |
| Término de materia o nombre geográfico como elemento de entrada |
Movimientos sociales |
| Subdivisión geográfica |
República Dominicana |
| 9 (RLIN) |
23226 |
| Fuente del encabezamiento o término |
LEMB |
| 650 #4 - PUNTO DE ACCESO ADICIONAL DE MATERIA--TÉRMINO DE MATERIA |
| Término de materia o nombre geográfico como elemento de entrada |
Ciudades y pueblos |
| Subdivisión geográfica |
República Dominicana |
| 9 (RLIN) |
784 |
| 650 #4 - PUNTO DE ACCESO ADICIONAL DE MATERIA--TÉRMINO DE MATERIA |
| Término de materia o nombre geográfico como elemento de entrada |
Historia social |
| Subdivisión geográfica |
República Dominicana |
| 9 (RLIN) |
8425 |
| 651 #0 - PUNTO DE ACCESO ADICIONAL DE MATERIA--NOMBRE GEOGRÁFICO |
| Nombre geográfico |
Cotuí (República Dominicana) |
| 9 (RLIN) |
8423 |
| 651 #4 - PUNTO DE ACCESO ADICIONAL DE MATERIA--NOMBRE GEOGRÁFICO |
| Nombre geográfico |
Cotuí (República Dominicana) |
| Subdivisión general |
Vida social y costumbres |
| 9 (RLIN) |
8426 |
| 700 1# - PUNTO DE ACCESO ADICIONAL--NOMBRE DE PERSONA |
| Nombre de persona |
Beltré, Daniel |
| Término indicativo de función/relación |
pres. |
| 9 (RLIN) |
64469 |
| 830 #0 - PUNTO DE ACCESO ADICIONAL DE SERIE-TÍTULO UNIFORME |
| Título uniforme |
Provincias |
| Designación de volumen o secuencia |
17 |
| 9 (RLIN) |
45125 |
| 910 ## - DATOS DE OPCIÓN DEL USUARIO (OCLC) |
| Datos de opción del usuario |
Validado. Control de calidad EMS |
| 942 ## - ELEMENTOS DE PUNTO DE ACCESO ADICIONAL (KOHA) |
| Fuente del sistema de clasificación o colocación |
Dewey Decimal Classification |
| Tipo de ítem Koha |
Libro |